[Event "Hillerod Byturnering 2017 Basis 2"]
[Site "Hillerod"]
[Date "????.??.??"]
[Round "7"]
[White "Pedersen, Jan"]
[Black "Jorgensen, Orla Eilegaard"]
[Result "1/2-1/2"]
[WhiteElo "1529"]
[BlackElo "1731"]
[PlyCount "100"]
[EventType "tourn"]
[EventRounds "7"]
[EventCountry "DEN"]

1. d4 Nf6 2. c4 e6 3. Nc3 d5 4. Bg5 Be7 5. cxd5 exd5 6. e3 O-O 7. Bd3 Nbd7 8.
Nf3 c5 9. dxc5 Nxc5 10. Bc2 Re8 11. O-O Qb6 12. Rb1 a5 13. Bxf6 Bxf6 14. Nxd5
Qc6 15. Nxf6+ Qxf6 16. Qd4 Qc6 17. Rfc1 b6 18. a3 a4 19. h3 Bxh3 20. Bxh7+ Kxh7
21. Ng5+ Kg8 22. Nxh3 Rad8 23. Qh4 Qg6 24. Nf4 Qe4 25. Qg3 Nb3 26. Re1 Qe5 27.
Ne2 Qf5 28. Qf4 Qc2 29. Qxa4 Re4 30. Nd4 Rdxd4 31. exd4 Rxd4 32. Qe8+ Kh7 33.
Qe2 Qg6 34. Qe3 Nd2 35. Rbd1 Rd3 36. Rxd2 Rxe3 37. Rxe3 Qb1+ 38. Kh2 g6 39. Rb3
Qc1 40. Rdd3 Qf4+ 41. Rg3 Qxf2 42. Rgf3 Qd4 43. Rxf7+ Kg8 44. Rff3 Qd6+ 45. Rg3
Kg7 46. Rbd3 Qe5 47. b4 b5 48. Rc3 Qh5+ 49. Kg1 Qd1+ 50. Kh2 Qh5+ 1/2-1/2

[Event "Hillerod Byturnering 2017 Basis 2"]
[Site "Hillerod"]
[Date "????.??.??"]
[Round "7"]
[White "Rabjerg, Hans Rasmus"]
[Black "Hein, Jacob"]
[Result "1-0"]
[WhiteElo "1597"]
[BlackElo "1475"]
[PlyCount "87"]
[EventType "tourn"]
[EventRounds "7"]
[EventCountry "DEN"]

1. c4 e5 2. Nc3 c6 3. Nf3 d6 4. g3 Nf6 5. d3 h6 6. Bg2 Be6 7. b4 a5 8. b5 e4 9.
Nd4 Bd7 10. Nxe4 d5 11. Nxf6+ Qxf6 12. Be3 Bb4+ 13. Kf1 Bc3 14. bxc6 Bxa1 15.
cxd7+ Nxd7 16. Nb5 O-O 17. Bxd5 Rae8 18. Kg2 Rxe3 19. fxe3 Be5 20. Rf1 Qe7 21.
Bxb7 Nf6 22. Bf3 g5 23. Kh1 h5 24. Qe1 Kg7 25. Qxa5 Bxg3 26. hxg3 Qxe3 27. Qa7
Qe6 28. Kg2 Ng4 29. Qd4+ f6 30. Bxg4 hxg4 31. Qe4 Qd7 32. Rh1 f5 33. Qd4+ Qxd4
34. Nxd4 Kg6 35. Rc1 Kf6 36. c5 f4 37. c6 Ke5 38. c7 Rc8 39. Nb5 f3+ 40. exf3
gxf3+ 41. Kxf3 Kf6 42. Na7 Ra8 43. c8=Q Rxa7 44. Rc6+ 1-0